| 000 | 01641cam a22003734a 4500 | ||
|---|---|---|---|
| 001 | 12631141 | ||
| 005 | 20050110113551.0 | ||
| 008 | 011228s2002 enk |rb 001 0 eng | ||
| 010 | _a 2001059839 | ||
| 020 | _a0333963539 | ||
| 020 | _a9780333963531 | ||
| 040 |
_aDLC _cDLC _dDLC |
||
| 042 | _apcc | ||
| 043 | _ae-uk--- | ||
| 050 | 0 | 0 |
_aJA84.G7 _bL395 2002 |
| 082 | 0 | 0 |
_a320.50941 _221 _bLEA |
| 100 | 1 |
_aLeach, Robert, _d1941- _928442 |
|
| 245 | 1 | 0 |
_aPolitical Ideology in Britain / _cRobert Leach. |
| 260 |
_aHoundmills, Basingstoke, Hampshire ; _aNew York : _bPalgrave, _c2002. |
||
| 300 |
_axii, 255 p. ; _c23 cm. |
||
| 490 | 1 |
_aContemporary political studies series _928443 |
|
| 504 | _aIncludes bibliographical references (p. 235-248) and index. | ||
| 650 | 0 |
_aPolitical science _zGreat Britain. _928444 |
|
| 650 | 0 |
_aIdeology _zGreat Britain. _928445 |
|
| 650 | 0 |
_aRight and left (Political science) _928446 |
|
| 653 |
_bPol _cJanuary2012 |
||
| 830 | 0 |
_aContemporary political studies (Palgrave (Firm)) _928447 |
|
| 856 | 4 | 2 |
_3Contributor biographical information _uhttp://www.loc.gov/catdir/bios/hol051/2001059839.html |
| 856 | 4 | 1 |
_3Table of contents _uhttp://www.loc.gov/catdir/toc/hol031/2001059839.html |
| 856 | 4 | 2 |
_3Publisher description _uhttp://www.loc.gov/catdir/description/hol031/2001059839.html |
| 942 |
_2ddc _cBB |
||
| 999 |
_c16347 _d16347 |
||